Media Selling (Record no. 3875)

MARC details
000 -LEADER
fixed length control field 00398nam a22001697a 4500
005 - DATE AND TIME OF LATEST TRANSACTION
control field 20160624143741.0
008 - FIXED-LENGTH DATA ELEMENTS--GENERAL INFORMATION
fixed length control field 160624b xxu||||| |||| 00| 0 eng d
020 ## - INTERNATIONAL STANDARD BOOK NUMBER
ISBN 81-229-0176-X
041 ## - LANGUAGE CODE
Language code of text/sound track or separate title eng
082 ## - DEWEY DECIMAL CLASSIFICATION NUMBER
Item number 9862
100 ## - MAIN ENTRY--AUTHOR NAME
Personal name Warner, Charles and Buchman, Joseph
245 ## - TITLE STATEMENT
Title Media Selling
260 ## - PUBLICATION, DISTRIBUTION, ETC. (IMPRINT)
Name of publisher Surjeet
300 ## - PHYSICAL DESCRIPTION
Number of Pages 548
650 ## - SUBJECT ADDED ENTRY--TOPICAL TERM
Topical Term Mass Communication
942 ## - ADDED ENTRY ELEMENTS (KOHA)
Koha item type Books
Holdings
Lost status Damaged status Home library Current library Shelving location Date acquired Cost, normal purchase price Full call number Accession Number Koha item type
    JRU Library   SHELF-31-H 24/06/2016 395.00 9862 9862 Books
    JRU Library   SHELF-31-H 24/06/2016 395.00 9862 9863 Books
    JRU Library   SHELF-31-H 24/06/2016 395.00 9862 9864 Books
    JRU Library   SHELF-31-H 24/06/2016 395.00 9862 9865 Books